000 00639nam a22002057a 4500
005 20251108172753.0
008 250721s2001 xx 000 0 ara d
082 1 4 _a958.1/طوخ
100 1 _aالطوخي، رشيد بن محمد
245 1 0 _aعرب في أفغانستان /
246 1 1 _aarab in a fghanstan
264 1 _aباريس :
_bمؤسسة الوقائع للدراسات الإعلامية والنشر،
_c2001.
300 _a70ص
490 0 _aسلسلة أبحاث الوقائع
_v4
650 1 7 _aالتاريخ
650 1 7 _aافغانستان
650 1 7 _aالحروب
942 _2ddc
_cBK
999 _c88055
_d88055